| 000 | 00717nam a22002537a 4500 | ||
|---|---|---|---|
| 003 | OSt | ||
| 005 | 20250919141544.0 | ||
| 008 | 250515t2024 ag |||||r|||| 00| f spa d | ||
| 020 | _a978-987-8429-33-5 | ||
| 040 | _cbesoc | ||
| 080 | _082-32(82) | ||
| 100 | 1 |
_aBejarano, Julián, _d1983- _eautor |
|
| 245 | 1 | 0 |
_a# / _cJulián Bejarano. |
| 246 | 3 | _aNumeral | |
| 246 | 3 | _aHashtag | |
| 250 | _a1a ed. | ||
| 260 |
_aRosario : _bEditorial Municipal de Rosario, _c2024. |
||
| 300 |
_a100 p. ; _c20 cm. |
||
| 490 | 0 |
_aSerie Novela Corta ; _v12 |
|
| 500 | _aPrimer premio (compartido) del Concurso Regional de Nouvelle EMR 2024. | ||
| 650 | 4 |
_aLiteratura _ySiglo XXI _zArgentina |
|
| 655 | 4 | _aNovela | |
| 942 |
_2udc _cLPD _n0 |
||
| 999 |
_c489 _d489 |
||